<The> Evaluation of marketing communication

Trend rozvoja technológií, zmeny správania spotrebiteľov a zvyšovanie konkurencie núti firmy spájať manažment a marketingové nástroje, ktoré boli predtým navzájom oddelené. Najmä to bol rozvoj internetu, ktorý významne ovplyvnil vzory ľudského správania. Aby spoločnosť mohla uspieť na trhu, musí mon...

Full description

Saved in:
Bibliographic Details
Main Author: Smiřinská, Markéta
Other Authors: Kupec, Václav
Format: Book Chapter
Language:English
Subjects:
Tags: Add Tag
No Tags, Be the first to tag this record!

MARC

LEADER 00000naa a2200000 4500
001 0238128
005 20220713131052.2
041 0 |a eng 
044 |a CZ 
245 1 0 |a <The> Evaluation of marketing communication  |c Markéta Smiřinská, Václav Kupec 
520 |a Trend rozvoja technológií, zmeny správania spotrebiteľov a zvyšovanie konkurencie núti firmy spájať manažment a marketingové nástroje, ktoré boli predtým navzájom oddelené. Najmä to bol rozvoj internetu, ktorý významne ovplyvnil vzory ľudského správania. Aby spoločnosť mohla uspieť na trhu, musí monitorovať ako jeho vonkajšie, tak aj vnútorné prostredie. Analýza marketingovej komunikácie a prezentácia nových zistenií a odporúčaní na zlepšenie tejto marketingovej komunikácie. 
610 2 0 |a komunikácia marketingová 
610 2 0 |a nástroje marketingové 
610 2 0 |a výskum marketingový 
610 2 0 |a technológie informačné 
610 2 0 |a technológie komunikačné 
610 2 0 |a konkurencia 
610 2 0 |a internet 
100 1 |a Smiřinská, Markéta 
700 1 |a Kupec, Václav